| 000 | 00953cam a22002773a 4500 | ||
|---|---|---|---|
| 001 | 24209 | ||
| 003 | PGUSA | ||
| 005 | 20140828083522.0 | ||
| 008 | 080107s2008||||xxu|||||s|||||000 1 eng d | ||
| 040 |
_aPGUSA _beng |
||
| 042 | _adc | ||
| 050 | 4 | _aPR | |
| 100 | 1 |
_aCharles, Elizabeth Rundle, _d1828-1896 |
|
| 245 | 1 | 0 |
_aKittyn päiväkirja : _bKuvauksia hengellisistä liikkeistä Englannissa viime vuosisadan keski-ajoilla _h[electronic resource] / _cElizabeth Rundle Charles |
| 260 |
_bProject Gutenberg, _c2008 |
||
| 506 | _aPublic domain in the USA. | ||
| 516 | _aElectronic text | ||
| 653 | _aWhitefield, George, 1714-1770 -- Fiction | ||
| 653 | _aWesley, John, 1703-1791 -- Fiction | ||
| 653 | _aWesley, Charles, 1707-1788 -- Fiction | ||
| 700 | 1 |
_aAvellan, Edvin, _d1830-1912 |
|
| 740 | 0 | _aDiary of Mrs. Kitty Trevylyan. Finnish | |
| 830 | 0 |
_aProject Gutenberg _v24209 |
|
| 856 | 4 | 0 | _uhttp://www.gutenberg.org/ebooks/24209 |
| 942 | _cEB | ||
| 999 |
_c253464 _d253464 |
||